000 00945nam0a22002651 4500
001 rc\2811958
005 20250806210744.0
035 _a(NLR Aleph) 006937790
090 _a25280
_c25280
100 _a20110915d1944 u y0rusy50 ca
101 0 _arus
102 _aRU
105 _aa z |||||
200 1 _aЧасовые механизмы дистанционных трубок
_eДопущено ВКВШ при СНК СССР в качестве учеб. пособия
_fЕ. И. Левитан, доц., канд. тех. наук
210 _aМосква
_cОборонгиз
_d1944
215 _a324 с.
_cил., черт.
_d22 см.
320 _aБиблиогр.: с. 323
700 1 _aЛевитан
_bЕ.И.
801 0 _aRU
_bNLR
_gpsbo
801 1 _aRU
_bELAR
_2rusmarc
852 _aNLR
_jТ36 Г-5/59
942 _cBOOK
945 _aРоссийская национальная библиотека
980 _aNB
980 _aBV